Normal view MARC view

Entry Geographic Name

Number of records used in: 1

001 - CONTROL NUMBER

  • control field: 952

003 - CONTROL NUMBER IDENTIFIER

  • control field: csc

005 - DATE AND TIME OF LATEST TRANSACTION

  • control field: 20140507162054.0

008 - FIXED-LENGTH DATA ELEMENTS

  • fixed length control field: 130426|| aca||aabn | a|a d

040 ## - CATALOGING SOURCE

  • Original cataloging agency: csc
  • Transcribing agency: csc

151 ## - HEADING--GEOGRAPHIC NAME

  • Geographic name: Greece
  • General subdivision: History
  • Chronological subdivision: Peloponnesian War, 431-404 B.C.
  • Form subdivision: Fiction.

670 ## - SOURCE DATA FOUND

  • Source citation: Work cat.: (csc)0: Renault, Mary, 1905-1983. 1308, The last of the wine /, 2004, c1995.